| 000 | 00386nam a22001337a 4500 | ||
|---|---|---|---|
| 020 | _a0028249682 | ||
| 082 |
_222 _a510.71 |
||
| 100 | _aBombay, Douglas R ... [et al ]. | ||
| 245 | _aIntegrated mathematies course 3 / | ||
| 260 |
_aGlencae Mc Graw Hill, _bGlencae Mc Graw Hill, _cc1996. |
||
| 300 |
_axii,660,p, ; _bNA _c24 cm. |
||
| 700 | _a klutch; richard J ; Et al. | ||
| 942 |
_2ddc _cMATHS |
||
| 999 |
_c3771 _d3771 |
||